Auchinleck, the lonely soldier / (Record no. 119358)
[ view plain ]
| 000 -LEADER | |
|---|---|
| fixed length control field | 01139cam a2200361 a 4500 |
| 001 - CONTROL NUMBER | |
| control field | 86060 |
| 003 - CONTROL NUMBER IDENTIFIER | |
| control field | ARRUPE |
| 005 - DATE AND TIME OF LATEST TRANSACTION | |
| control field | 20131219130705.0 |
| 008 - FIXED-LENGTH DATA ELEMENTS--GENERAL INFORMATION | |
| fixed length control field | 820706s1981 enkabf b 001 0beng |
| 010 ## - LIBRARY OF CONGRESS CONTROL NUMBER | |
| LC control number | 82127991 |
| 020 ## - INTERNATIONAL STANDARD BOOK NUMBER | |
| International Standard Book Number | 090767500X : |
| Terms of availability | £10.50 |
| 035 ## - SYSTEM CONTROL NUMBER | |
| System control number | (OCoLC)8521660 |
| 035 ## - SYSTEM CONTROL NUMBER | |
| System control number | (OCoLC)ocm08521660 |
| 035 ## - SYSTEM CONTROL NUMBER | |
| System control number | (CStRLIN)NYCG82-B28780 |
| 035 ## - SYSTEM CONTROL NUMBER | |
| System control number | (NNC)86060 |
| 040 ## - CATALOGING SOURCE | |
| Transcribing agency | lijl |
| 043 ## - GEOGRAPHIC AREA CODE | |
| Geographic area code | e-uk--- |
| -- | ff----- |
| 050 0# - LIBRARY OF CONGRESS CALL NUMBER | |
| Classification number | DA69.3.A9 |
| Item number | W37 1981 |
| 082 0# - DEWEY DECIMAL CLASSIFICATION NUMBER | |
| Classification number | 940.54/23/0924 |
| -- | B |
| Edition number | 19 |
| 090 ## - LOCALLY ASSIGNED LC-TYPE CALL NUMBER (OCLC); LOCAL CALL NUMBER (OCLC) | |
| Classification number (OCLC) (R) ; Classification number, CALL (RLIN) (NR) | DA69.3.A9 |
| Local cutter number (OCLC) ; Book number/undivided call number, CALL (RLIN) | W37 1981 |
| 300 ## - PHYSICAL DESCRIPTION | |
| Other physical details | ill., maps ; |
| Dimensions | 24 cm. |
| 100 1# - MAIN ENTRY--PERSONAL NAME | |
| Personal name | Warner, Philip. |
| 9 (RLIN) | 5972 |
| 245 10 - TITLE STATEMENT | |
| Title | Auchinleck, the lonely soldier / |
| Statement of responsibility, etc | Philip Warner. |
| 260 ## - PUBLICATION, DISTRIBUTION, ETC. (IMPRINT) | |
| Place of publication, distribution, etc | London : |
| Name of publisher, distributor, etc | Buchan & Enright, |
| Date of publication, distribution, etc | 1981. |
| 300 ## - PHYSICAL DESCRIPTION | |
| Extent | xii, 288 p., [16] p. of plates : |
| 500 ## - GENERAL NOTE | |
| General note | Includes index. |
| 504 ## - BIBLIOGRAPHY, ETC. NOTE | |
| Bibliography, etc | Bibliography: p. [277]-279. |
| 600 10 - SUBJECT ADDED ENTRY--PERSONAL NAME | |
| Personal name | Auchinleck, Claude John Eyre, |
| Dates associated with a name | 1884-1981. |
| 9 (RLIN) | 5973 |
| 610 10 - SUBJECT ADDED ENTRY--CORPORATE NAME | |
| Corporate name or jurisdiction name as entry element | Great Britain. |
| Subordinate unit | Army |
| Form subdivision | Biography. |
| 9 (RLIN) | 5974 |
| 650 #0 - SUBJECT ADDED ENTRY--TOPICAL TERM | |
| Topical term or geographic name as entry element | World War, 1939-1945 |
| General subdivision | Campaigns |
| Geographic subdivision | Africa, North. |
| 9 (RLIN) | 5975 |
| 650 #0 - SUBJECT ADDED ENTRY--TOPICAL TERM | |
| Topical term or geographic name as entry element | Marshals |
| Geographic subdivision | Great Britain |
| Form subdivision | Biography. |
| 9 (RLIN) | 5976 |
| 942 ## - ADDED ENTRY ELEMENTS (KOHA) | |
| Source of classification or shelving scheme | Library of Congress Classification |
| Koha item type | Monograph ( Printed materials) |
| Withdrawn status | Lost status | Source of classification or shelving scheme | Damaged status | Not for loan | Home library | Current library | Date acquired | Total Checkouts | Full call number | Barcode | Date last seen | Price effective from | Koha item type |
|---|---|---|---|---|---|---|---|---|---|---|---|---|---|
| Library of Congress Classification | ARRUPE LIBRARY | ARRUPE LIBRARY | 19/12/2013 | DA69.3.A9 W37 1981 | 464123071 | 27/10/2017 | 19/12/2013 | Monograph ( Printed materials) |